00974 a2200193 4500003000500000005001700005020001400022040000900036082001400045100002900059245004500088260003500133505039900168600002900567650003100596942001200627999001900639952012200658Nust20221014121416.0 a064600866 cNust a604.2,LOM aJohnson, Lobardo9100324 aEngineering Drawing /cLobardo Johnson,  aNew YorkbBarnes & Noblec1956 aIntroduction (Page-1), Line Work and the use of Instruments (Page-26), Geometric Constructions (Page-52), Lettering (Page-63), Orthographic Projection (Page-89), Auxiliary Views (Page-105), Sections Ad Conventions (Page-123), Pictorial Views (Page-146), Dimensioning (Page-166), Fasteners (Page-194), Working Drawings (Page-251), The Developments Ad Intersection of Surface Problems (Page-289). aLombardo Johnson9100325 aEngineering Drawing973872 2ddccBK c183109d183109 00102ddc4070aMCSbMCScGENd2016-12-12o604.2,LOMpMCS5733r2016-12-08w2016-12-12yBKzAlmirah No.26, Shelf No.2